000 00802nam a2200229Ia 4500
005 20220218114727.0
008 210716s2009 xx 000 0 und d
020 _a9780071077965
040 _cAIMIT LIBRARY
041 _aeng
082 _a658.81
_22
_bHAVK
100 _aHavaldar, Krishna K.
_920806
245 _aSales and distribution management :
_btext and cases /
_cBy Krishna K. Havaldar and Vasant M Cavale.
250 _a2nd ed.
260 _aNew Delhi :
_bTata McGraw Hill Publishing Company Ltd ,
_c2009.
300 _aXxxv, 672p. ;
_c24 cm.
650 _aPlanning sales forecasting and budgeting
_920807
650 _aOrganising and staffing the salesforce
_920808
650 _aChannel management
_920809
700 _aCavale, Vasant M.
_920810
942 _2ddc
_cBK
_e2nd
_k658.81 HAVK
999 _c207627
_d207627